Evaluación del sistema de inspección y mantenimiento para puente utilizados en Nicaragua
Presenta una evaluación del sistema de inspección y mantenimiento para puente utilizados en Nicaragua. Incluye información sobre: estudio de las carreteras del país y específicamente aquellas carreteras en donde se localizan los puentes seleccionados; estudio completo y actualizado del tráfico...
| Main Authors: | , |
|---|---|
| Other Authors: | |
| Format: | Tesis Section = Libro |
| Language: | Undetermined Spanish |
| Published: |
Managua
UNI
1996
|
| Subjects: |
| LEADER | 01670nam a2200265Ia 4500 | ||
|---|---|---|---|
| 008 | 240830s9999 xx 000 0 und d | ||
| 040 | |a BIBLIOTECA-RUPAP Mon 624.28 R763 | ||
| 041 | |a spa | ||
| 082 | |a Mon 624.28 R763 | ||
| 100 | 1 | |a Romero Cruz, Reynerio | |
| 100 | 1 | |b Espinal Vallecillo Alembert | |
| 245 | 1 | 0 | |a Evaluación del sistema de inspección y mantenimiento para puente utilizados en Nicaragua |
| 260 | |a Managua |b UNI |c 1996 | ||
| 300 | |a 157 p. :il. | ||
| 500 | |a Contiene: anexos. | ||
| 502 | |a Tesis (Ingeniero Civil)- UNI, 1996. | ||
| 520 | 3 | |a Presenta una evaluación del sistema de inspección y mantenimiento para puente utilizados en Nicaragua. Incluye información sobre: estudio de las carreteras del país y específicamente aquellas carreteras en donde se localizan los puentes seleccionados; estudio completo y actualizado del tráfico vehicular, en base a conteos volumétricos que fueron Realizados recientemente en estas vías; inventario de puentes e informe sobre las inspecciones que se realizaron en los puentes en estudio; análisis del problema del mantenimiento vial en el país con una explicación de las causas que lo afectan; propuesta de un Manual de Inspección y Mantenimiento de Puentes, dirigido hacia los organismos encargados de brindar este servicio en el país. | |
| 650 | 7 | |a MANTENIMIENTO -CONSTRUCCION - PUENTES - NICARAGUA | |
| 650 | 7 | |b CIMIENTO HISTORICO - RED VIAL NICARAGUA | |
| 650 | 7 | |c INVENTARIO NACIONAL DE PUENTES NICARAGUA | |
| 650 | 7 | |d MANUAL DE INSPECCION Y MANTENIMIENTO DE PUENTES | |
| 700 | 1 | |a Tutor: |b Corea Torres, Leonardo Zacaría | |
| 942 | |c BK |2 ddc | ||
| 991 | |a TESIS | ||
| 999 | |c 15950 | ||